LEADER 01083cam2 22002773 450 001 E600200054296 005 20241008071958.0 010 $a0444510559 100 $a20091001d1983 |||||ita|0103 ba 101 $alat 102 $aNL 200 1 $aTomus secundus$eApologia respondens ad ea quae Iacobus Lopis Stunica taxaverat in prima duntaxat novi testamenti aeditione$f[Erasmus Roterodamus]$ged. H.J. de Jonge 210 $aAmsterdam$cNort-Holland Publishing Company$d1983 215 $a292 p.$d26 cm 461 1$1001E600200054295$12000 $aOpera omnia Desiderii Erasmi Roterodami : Ordinis noni 700 0$aErasmus Roterodamus$3A600200031892$4070$0437067 702 1$aJonge, H.J. de$3A600200057153$4070 801 0$aIT$bUNISOB$c20241008$gRICA 850 $aUNISOB 852 $aUNISOB$j100|Coll|60|K$m35982 912 $aE600200054296 940 $aM 102 Monografia moderna SBN 941 $aM 957 $a100|Coll|60|K$b000009$i-2$gSi$d35982$racquisto$1beth$2UNISOB$3UNISOB$420091001101335.0$520241008071958.0$6rovito 996 $aTomus secundus$91593980 997 $aUNISOB